000 01151cam a22002054a 4500
005 20250605164218.0
008 250528s ||||||||||||||||||||||||d
035 _a20531
020 _a853455503
040 _aGR-AtMCL
_bgre
_dGR-AtMCL
_eAACR2
245 1 _aPost-Revolutionary Society
260 _bMonthly Review Press,
_c1980
300 _a160
505 0 _aPreface, Introduction, Lessons of the Soviet Experience, Lessons of Poland, Transition to Socialism, The Nature of Soviet Sciety, Theory and Practice in the Mao Period, Charles Bettleheim on Revolution from Above: The USSR in the 1920s, Is There a Rulling Class in the USSR?, A Cricis in Marxian Theory, Post-Revolutionary Society, Notes.
520 _aPreface, Introduction, Lessons of the Soviet Experience, Lessons of Poland, Transition to Socialism, The Nature of Soviet Sciety, Theory and Practice in the Mao Period, Charles Bettleheim on Revolution from Above: The USSR in the 1920s, Is There a Rulling Class in the USSR?, A Cricis in Marxian Theory, Post-Revolutionary Society, Notes.
700 1 _aSweezey Paul M
_92607
942 _cBK
999 _c5630
_d5630